Franklin and Newton / An Inquiry into Speculative Newtonian Experimental Science and Franklin's Work in Electricity as an Example Thereof (Record no. 1717)
[ view plain ]
| 000 -LEADER | |
|---|---|
| fixed length control field | 01554cam a22001934a 4500 |
| 005 - ΗΜΕΡΟΜΗΝΙΑ ΚΑΙ ΩΡΑ ΤΕΛΕΥΤΑΙΑΣ ΕΝΗΜΕΡΩΣΗΣ | |
| Πεδίο ελέγχου | 20250605164017.0 |
| 008 - FIXED-LENGTH DATA ELEMENTS--GENERAL INFORMATION | |
| Πεδίο ελέγχου σταθερού μήκους | 250528s ||||||||||||||||||||||||d |
| 035 ## - SYSTEM CONTROL NUMBER | |
| System control number | 16183 |
| 020 ## - ISBN | |
| ISBN | 5613224 |
| 040 ## - ΠΗΓΗ ΚΑΤΑΛΟΓΟΓΡΑΦΗΣΗΣ | |
| Φορέας πρωτότυπης καταλογογράφησης | MC Athens Campus Library |
| Γλώσσα καταλογογράφησης | Ελληνικά, Μοντέρνα (1453-) |
| Modifying agency | MC Athens Campus Library |
| Κανόνες περιγραφικής καταλογογράφησης | AACR2 |
| 245 1# - ΤΙΤΛΟΣ ΚΑΙ ΔΗΛΩΣΗ ΥΠΕΥΘΥΝΟΤΗΤΑΣ | |
| Τίτλος | Franklin and Newton / An Inquiry into Speculative Newtonian Experimental Science and Franklin's Work in Electricity as an Example Thereof |
| 260 ## - PUBLICATION, DISTRIBUTION, ETC. | |
| Name of publisher, distributor, etc. | Harvard University Press, |
| Date of publication, distribution, etc. | 1966 |
| 300 ## - PHYSICAL DESCRIPTION | |
| Extent | 660 |
| 520 ## - SUMMARY, ETC. | |
| Summary, etc. | A fundamental resource for all who would understand either the nature of eighteenth century science or the significance of Franklin's researchers. Introduction: Franklin and Newton, Franklin's Scientific Reputation, The Scientific Personality of Franklin and of Newton, The New Natural Philosophy, The Two Major Sources of the Newtonian Philosophy: The Principia and the Optics, Experimental Newtonianism and the Role of Hypotheses: The ''Exact'' Corpuscular Philosophy of the Optics, Newton and Franklin: The New Corpuscular Philosophy, Experimental Newtoniasism in Examples - Franklin's Introduction to Science, Benjamin Franklin's Contribution to the Newtonian Natural Philosophy, The Rise of Electricity as a Newtonian Science, Electricity - The New Natural Philosophy of the Eighteenth Century, The Franklinian Theory of Electricity, Further Applications and Development of the Franklin Theory: The Ultimate Need for the Revision of Some Concepts, Appendices, Bibliography, Index. |
| 700 1# - ΠΡΟΣΘΕΤΗ ΑΝΑΓΡΑΦΗ--ΦΥΣΙΚΟ ΠΡΟΣΩΠΟ | |
| Personal name | Cohen Bernard I |
| 9 (RLIN) | 2242 |
| 942 ## - ADDED ENTRY ELEMENTS (KOHA) | |
| Koha item type | Books |
| Τύπος τεκμηρίου | Βιβλιοθήκη | Τρέχουσα τοποθεσία | Barcode | Αριθμός εισαγωγής | Ημερομηνία απόκτησης | Ταξιθετικό σύμβολο | Αριθμός αντιτύπου | Κατάσταση απόσυρσης | Κατάσταση χαμένου | Κατάσταση κατεστραμμένου | Μη δανεισμός | Σύνολο δανεισμών | Ημερομηνία τελευταίας εμφάνισης | Η τιμή ισχύει από |
|---|---|---|---|---|---|---|---|---|---|---|---|---|---|---|
| Books | MC Athens Campus Library | MC Athens Campus Library | 9780000017161 | 3270 | 05/06/2025 | 530 COH | 1 | 05/06/2025 | 05/06/2025 |